Normal view
MARC view
- Suárez, Eduardo L.
Entry Nombre Personal
001 - NUMERO DE CONTROL
- campo de control: 47024
003 - IDENTIFICADOR DE NUMERO DE CONTROL
- campo de control: DLC
005 - FECHA Y HORA DE LA ÜLTIMA TRANSACCIÓN
- campo de control: 20221017111511.0
008 - DATOS DE LONGITUD FIJA
- campo de control de longitud fija: 221017n| acannaab| |n aaa c
010 ## - NÚMERO DE CONTROL DE LA BIBLIOTECA DEL CONGRESO
- Número de control LC: no 94014507
040 ## - FUENTE DE CATALOGACIÓN
- Agencia original de catalogación: DJBF
- Agencia de transcripción: DJBF
- Lenguaje de catalogación: spa
- Agencia que lo modifica: MX-MxUPN
100 1# - ENCABEZAMIENTO - NOMBRE PERSONAL
- Nombre personal: Suárez, Eduardo L.
670 ## - FUENTE EN LA QUE SE LOCALIZARON DATOS
- Cita de la fuente: Análisis costo-beneficio, 1978:
- Información localizada: reverso de la portada (Eduardo L. Suárez)
902 ## - CATALOGADOR
- Catalogador: NDAF/171022
